000 00647nam a2200241Ia 4500
005 20260430150205.0
008 008 250103s9999 xx 000 0 eng d
037 _aTheses
040 _aCRL
040 _beng
040 _ceng
041 _2eng
041 _aeng
084 _qCRL
100 _aNegi Padma Au.; Singh Vipul Gu.
_91236742
245 0 _aTrans-Himalayan trade, trade routes and pastoral communities of kinnaur (1600s-1900s)
260 _c2021
300 _a222p.
650 _aHistory
700 _aUniversity of Delhi. Faculty of Social Sciences. Department of History
942 _cTH
999 _c1849173
_d1849173